000 00469nam a2200121Ia 4500
008 220216s9999 xx 000 0 und d
100 _aShammi Raj
245 0 _aHas climate changed in the natural rubber growing regions of India?
260 _bInternational Workshop on Climate Change and Rubber Cultivation: R & D Priorities, 28-30 July 2010, Rubber Research Institute of India, Kottayam, pp.3-6.
_c2010
700 _aJacob J.
700 _aSatheesh P.R.
942 _cBS
999 _c52249
_d52249